Silke on South African Income Tax : (Record no. 769)

MARC details
000 -LEADER
fixed length control field 00596nam a22001697a 4500
005 - DATE AND TIME OF INPUT
control field 20231117125314.0
008 - DATA ELEMENTS--GENERAL INFORMATION
fixed length control field 231117b |||||||| |||| 00| 0 eng d
020 ## - INTERNATIONAL STANDARD BOOK NUMBER
International Standard Book Number 9780409071399 ; 0409071390
041 ## - LANGUAGE CODE
Language code of text English
082 ## - SHELF NUMBER
DDC number 343.4 SIL
100 ## - MAIN AUTHOR
Main author's name de Koker, A
Language of a work English
245 ## - TITLE STATEMENT
Title Silke on South African Income Tax :
Sub-title Income Tax Act 58 of 1962 2006/2007 Updated to include Acts 9, 10, 20 and 21 of 2006 /
Statement of responsibility, etc. A de Koker
260 ## - PUBLICATION, DISTRIBUTION, ETC.
Place of publication, distribution, etc. Durban :
Name of publisher, distributor, etc. LexisNexis Butterworths,
Date of publication, distribution, etc. 2007
300 ## - PHYSICAL DESCRIPTION
Dimensions 25 cm.
650 ## - SUBJECT`
Broad subject Legal practice
Own subject terms Law
942 ## - ADDED ENTRY ELEMENTS (KOHA)
Item type Books
942 ## - ADDED ENTRY ELEMENTS (KOHA)
-- ALISON_BN_VRIES
Holdings
Source of classification or shelving scheme Not for loan Collection code Home library Current library Shelving location Date acquired Full call number Barcode Price effective from Koha item type
Dewey Decimal Classification   TEXT BOOKS LAW SOCIETY OF NAMIBIA LIBRARY - WINDHOEK LAW SOCIETY OF NAMIBIA LIBRARY - WINDHOEK Income tax reporter (tax) 11/17/2023 343.4 SIL LSN/2007/48 11/17/2023 Books